<?xml version="1.0" encoding="UTF-8"?>
<record
    xmlns:xsi="http://www.w3.org/2001/XMLSchema-instance"
    xsi:schemaLocation="http://www.loc.gov/MARC21/slim http://www.loc.gov/standards/marcxml/schema/MARC21slim.xsd"
    xmlns="http://www.loc.gov/MARC21/slim">

  <leader>00354nam a22001217a 4500</leader>
  <datafield tag="999" ind1=" " ind2=" ">
    <subfield code="c">109589</subfield>
    <subfield code="d">109589</subfield>
  </datafield>
  <controlfield tag="005">20201014103142.0</controlfield>
  <controlfield tag="008">181214b           ||||| |||| 00| 0 eng d</controlfield>
  <datafield tag="040" ind1=" " ind2=" ">
    <subfield code="c">PK-LaUMT</subfield>
  </datafield>
  <datafield tag="082" ind1=" " ind2=" ">
    <subfield code="a">RHC 297.74092</subfield>
    <subfield code="b">HAM-</subfield>
  </datafield>
  <datafield tag="245" ind1=" " ind2=" ">
    <subfield code="a">Hamqadam : (Abdul Malik Shaheed Number) Nov. 1969/</subfield>
  </datafield>
  <datafield tag="260" ind1=" " ind2=" ">
    <subfield code="a">&#x6A9;&#x631;&#x627;&#x686;&#x6CC;:</subfield>
    <subfield code="b">&#x627;&#x633;&#x644;&#x627;&#x645;&#x6CC; &#x62C;&#x645;&#x639;&#x6CC;&#x62A; &#x637;&#x644;&#x628;&#x6C1;</subfield>
    <subfield code="c">1969</subfield>
  </datafield>
  <datafield tag="942" ind1=" " ind2=" ">
    <subfield code="c">BK</subfield>
  </datafield>
  <datafield tag="952" ind1=" " ind2=" ">
    <subfield code="0">0</subfield>
    <subfield code="1">0</subfield>
    <subfield code="4">0</subfield>
    <subfield code="7">0</subfield>
    <subfield code="a">01</subfield>
    <subfield code="b">01</subfield>
    <subfield code="d">2018-12-14</subfield>
    <subfield code="l">0</subfield>
    <subfield code="o">RHC 297.74092 HAM-</subfield>
    <subfield code="p">126951</subfield>
    <subfield code="r">2018-12-14 00:00:00</subfield>
    <subfield code="w">2018-12-14</subfield>
    <subfield code="y">BK</subfield>
  </datafield>
</record>
